| 000 | 00388nam a22001577a 4500 | ||
|---|---|---|---|
| 003 | OSt | ||
| 008 | 240115b |||||||| |||| 00| 0 eng d | ||
| 020 | _a9789352138913 | ||
| 082 | _a005.3 JAD | ||
| 100 | _aTURNBULL,James | ||
| 245 | _aThe Docker Book Containerization is the New Virtualization | ||
| 250 | _a2nd | ||
| 260 |
_aNew Delhi _bSPD _c2022 |
||
| 300 | _a386 | ||
| 942 |
_2ddc _cBK |
||
| 999 |
_c12169 _d12169 |
||